| 000 | 00322nam a2200121Ia 4500 | ||
|---|---|---|---|
| 005 | 20260328104313.0 | ||
| 008 | 260328s9999||||xx |||||||||||||| ||und|| | ||
| 245 | 0 | _aWhat Life was Like among druids and High Kings Celtic Ireland AD 400-1200 / | |
| 260 | _bTime Life | ||
| 300 | _a144 p. | ||
| 650 | _aIRLANDA | ||
| 942 | _cREF | ||
| 999 |
_c11052 _d11052 |
||